| 000 | 00510nam a22001817a 4500 | ||
|---|---|---|---|
| 003 | CEME | ||
| 005 | 20210628203922.0 | ||
| 008 | 210308b xxu||||| |||| 00| 0 eng d | ||
| 020 | _a0-86720-123-1 | ||
| 040 | _c. | ||
| 082 | _a523.01 BOW'N | ||
| 100 |
_aBowers, Richard L , Wilson, James R _967848 |
||
| 245 | _aNumerical modeling in applied physics astrophysics | ||
| 260 |
_aBOSTON _bJONES AND BARTLETT _c1991 |
||
| 300 | _aXIII, 704P | ||
| 650 |
_aASTROPHYSICS SUPERCOMPUTERS _967849 |
||
| 942 |
_cBK _2ddc |
||
| 999 |
_c575538 _d575538 |
||